The new far East : Seven nations of Asia

সংরক্ষণ করুন:
গ্রন্থ-পঞ্জীর বিবরন
সংস্থা লেখক: International Research Associates
বিন্যাস: গ্রন্থ
ভাষা:Undetermined
প্রকাশিত: [Hong Kong] Reader’s Digest [Far East ltd.] 1966
বিষয়গুলি:
ট্যাগগুলো: ট্যাগ যুক্ত করুন
কোনো ট্যাগ নেই, প্রথমজন হিসাবে ট্যাগ করুন!
Thư viện lưu trữ: Trung tâm Học liệu Trường Đại học Cần Thơ
LEADER 00652nam a2200217Ia 4500
001 CTU_104676
008 210402s9999 xx 000 0 und d
020 |c 15 
082 |a 339.42095 
082 |b I.61 
110 |a International Research Associates 
245 4 |a The new far East : 
245 0 |b Seven nations of Asia 
245 0 |c Surveyed by International Research Associates 
260 |a [Hong Kong] 
260 |b Reader’s Digest [Far East ltd.] 
260 |c 1966 
650 |a Cost and standard of living,National characteristics 
650 |z East Asia 
904 |i Năm 
980 |a Trung tâm Học liệu Trường Đại học Cần Thơ